000 00771nam a2200205Ii 4500
003 JO-AjNU
008 230605s9999||||xx |||||||||||||| ||und||
040 _aJO-AjNU
_bara
_erda
_cJO-AjNU
041 _aara
050 1 4 _aLC904.S3 1986
100 3 _aالسمالوطي،نبيل,
_eauthor
_919416
245 0 0 _aالتنظيم المدرسي والتحديث التربوي:دراسة في إجتماعيات التربية الإسلامية
250 _aط2
264 3 1 _aجدة:دار الشروق،1986
300 _a236ص
336 _atext
_btxt
_2rdacontent
337 _aunmediated
_bn
_2rdamedia
338 _avolume
_bnc
_2rdacarrier
650 4 _aتربية إسلامية-التربية الإسلامية-التعليم الديني الإسلامي
_919417
999 _aA6404
_c9972
_d9972